بوليفار / (Record no. 66956)
[ view plain ]
| 000 -الفاتح | |
|---|---|
| حقل البيانات ثابتة الطول | 00817nam a2200217Ia 4500 |
| 005 - وقت وتاريخ اخر تعامل مع التسجيلة | |
| رقم الضبط | 20240530110949.0 |
| 008 - عناصر البيانات ثابتة الطول - معلومات عامة | |
| حقل البيانات ثابتة الطول | 140319s2007 xx 000 0 ara d |
| 040 ## - مصدر الفهرسة | |
| وكالة الفهرسة الأصلية | GCL / |
| وكالة النسخ | GCL |
| 082 04 - رقم تصنيف ديوى العشرى | |
| رقم التصنيف | 923.2 / |
| رقم المادة | ر ب |
| 100 1# - المدخل الرئيسى - إسم شخصى | |
| الإسم الشخصى | ردودو ؛ خوسيه انريكى |
| 245 10 - بيان العنوان | |
| العنوان | بوليفار / |
| بيان المسئوليه,etc | تاليف ردودو ؛ خوسيه انريكى ؛ مترجم محمود على مكى |
| 250 ## - بيان الطبعة | |
| بيان الطبعة | الاولى |
| 260 ## - PUBLICATION, DISTRIBUTION, ETC. (IMPRINT) | |
| تاريخ النشر أو التوزيع | 2007 |
| 300 ## - الوصف المادى | |
| التعداد | 128 ص ؛ |
| أبعاد الوعاء | 24 سم |
| 490 ## - بيان السلسلة | |
| عنوان السلسلة | المشروع القومى للترجمة |
| رقم المجلد/ التعيين التسلسلي | ( 1124 ) |
| 650 04 - المدخل الاضافى بالموضوع-مصطلح موضوعى | |
| مصطلح موضوعي | سيمون بوليفار |
| 650 04 - المدخل الاضافى بالموضوع-مصطلح موضوعى | |
| مصطلح موضوعي | القصة الاسبانية |
| 700 ## - المدخل الاضافى - اسم شخصى | |
| الإسم الشخصى | محمود على مكى |
| الدور | مترجم |
| 942 ## - عناصر المدخل الإضافي( كوها) | |
| مصدر التصنيف او مخطط الترفيف | Dewey Decimal Classification |
| Koha [default] item type | كتاب |
| 260 ## - PUBLICATION, DISTRIBUTION, ETC. (IMPRINT) | |
| -- | القاهرة : |
| -- | المركز القومى للترجمة ، |
| حالة التراجع | حالة الفقد | حالة تلف | ليس للاعارة | المكان المؤقت | الموقع الحالى | موقع الترفيف | تاريخ الاكتساب | اجمالي اﻻعارات | رقم الطلب | الباركود | تاريخ اخر مشاهدة | تاريخ تفعيل السعر | نوع وعاء كوها |
|---|---|---|---|---|---|---|---|---|---|---|---|---|---|
| مكتبة القاهرة الكبرى | مكتبة القاهرة الكبرى | ق الرئيسية_التاريخ والجغرافيا_ك عربى | 12/07/2022 | 923.2 / ر ب | 168965 | 12/07/2022 | 12/07/2022 | كتاب |

